Top 100 Baby Girl Names (2005) Quiz Stats

 Plays Quiz not verified by Sporcle

Challenge
Share
Tweet
Embed
Score 0/100 Timer 11:00
0 Plays Today
Rank Name % Correct
1Emily
92.8%
2Emma
92.8%
11Elizabeth
91.6%
5Olivia
89.8%
7Hannah
89.8%
15Sarah
89.2%
22Anna
89.2%
75Sara
89.2%
89Isabel
89.2%
6Isabella
87.3%
12Sophia
87.3%
27Jessica
87.3%
3Madison
86.7%
38Rachel
86.1%
42Jennifer
86.1%
14Grace
85.5%
19Chloe
85.5%
9Ava
84.9%
18Natalie
84.9%
4Abigail
84.3%
8Samantha
83.1%
10Ashley
83.1%
28Victoria
83.1%
37Alexandra
83.1%
21Lauren
82.5%
66Alexa
82.5%
23Ella
81.9%
39Lily
81.9%
46Maria
81.9%
58Zoe
81.9%
72Mary
81.9%
80Amanda
81.9%
20Brianna
81.3%
36Katherine
81.3%
Rank Name % Correct
56Nicole
80.7%
13Alexis
80.1%
45Allison
80.1%
50Lillian
79.5%
64Stephanie
79.5%
81Rebecca
79.5%
31Julia
78.9%
17Mia
78.3%
25Kayla
77.7%
70Madeline
77.1%
71Evelyn
77.1%
96Isabelle
77.1%
16Alyssa
76.5%
24Taylor
75.9%
62Jenna
75.3%
26Hailey
74.1%
41Megan
74.1%
52Sofia
74.1%
61Gabriella
74.1%
63Kimberly
73.5%
68Leah
73.5%
77Audrey
73.5%
29Jasmine
72.9%
74Michelle
72.3%
47Brooke
71.7%
65Andrea
71.7%
83Caroline
71.7%
55Gabrielle
71.1%
79Vanessa
71.1%
57Kylie
69.9%
34Kaitlyn
69.3%
40Kaylee
68.7%
84Amelia
68.7%
33Morgan
68.1%
Rank Name % Correct
51Mackenzie
68.1%
97Molly
68.1%
35Savannah
66.9%
49Faith
66.9%
86Jordan
66.9%
54Haley
66.3%
73Maya
66.3%
78Brooklyn
66.3%
95Claire
66.3%
100Katie
65.7%
44Makayla
65.1%
60Paige
65.1%
67Avery
65.1%
43Angelina
64.5%
82Ariana
64.5%
59Katelyn
63.3%
88Arianna
63.3%
92Melanie
63.3%
30Sydney
60.8%
32Destiny
60.2%
76Jada
57.8%
69Nevaeh
51.2%
90Autumn
50.6%
87Jocelyn
50%
91Marissa
48.2%
85Mariah
47%
93Aaliyah
47%
99Diana
46.4%
48Trinity
45.8%
98Mya
38.6%
94Gracie
32.5%
53Rylee
19.3%

You're not logged in!

Compare scores with friends on all Sporcle quizzes.
Join for Free
OR
Log In

You Might Also Like...

Show Comments

Extras

Created Feb 20, 2012SourceReportNominate
Tags:100, 2005, baby, Baby Girl, girl, Top 100

Top Quizzes Today


Score Distribution

Your Account Isn't Verified!

In order to create a playlist on Sporcle, you need to verify the email address you used during registration. Go to your Sporcle Settings to finish the process.

Report this User

Report this user for behavior that violates our Community Guidelines.

Details: